A copy of a letter from a gentleman in Virginia, to a merchant in Philadelphia.

Bibliographic Details
Main Author: Dickinson, John, 1732-1808
Format: eBook
Language:English
Published: [Philadelphia?] : [publisher not identified], [1768]
Series:Early American imprints. Evans (1639-1800) ; no. 10867.
Subjects:
Online Access:Evans Digital Edition

MARC

Tag First Indicator Second Indicator Subfields
LEADER 00000cam a2200000 a 4500
001 in00002139490
006 m e d #
007 cr mn mmmmabba
008 860331s1768 pau s 000 0 eng d
005 20260330213225.5
035 |z w037607 
035 |a MAAR8603314402B 
035 |9 mwa91-28098 
035 |a 317222 
035 |a aas03037607 
040 |a MWA  |c MWA  |e bdrb  |d UtOrBLW 
100 1 |a Dickinson, John,  |d 1732-1808. 
245 1 2 |a A copy of a letter from a gentleman in Virginia, to a merchant in Philadelphia. 
264 1 |a [Philadelphia?] :  |b [publisher not identified],  |c [1768] 
300 |a 1 sheet (2 unnumbered pages) ;  |c 33 x 20 cm. 
336 |a text  |b txt  |2 rdacontent 
337 |a computer  |b c  |2 rdamedia 
338 |a online resource  |b cr  |2 rdacarrier 
500 |a Concerning violations of the non-importation agreement by Philadelphia merchants. 
500 |a Attributed to John Dickinson in "The writings of John Dickinson, volume 1." Memoirs of the Historical Society of Pennsylvania XIV (1895): 435-436. 
500 |a Date of publication supplied by Evans. 
510 4 |a Evans  |c 10867 
510 4 |a Hildeburn, C.R. Pennsylvania,  |c 2352 
530 |a Microform version available in the Readex Early American Imprints series. 
533 |a Electronic text and image data.  |b [Chester, Vt. :  |c Readex, a division of Newsbank, Inc.,  |d 2002-2004.  |e Includes files in TIFF, GIF and PDF formats with inclusion of keyword searchable text.  |f (Early American imprints. First series ; no. 10867). 
500 |a Electronic resource. 
630 0 0 |a Non-importation agreements, 1768-1769. 
651 0 |a United States  |x History  |y Colonial period, ca. 1600-1775. 
752 |a United States  |b Pennsylvania  |d Philadelphia. 
830 0 |a Early American imprints.  |n Series I,  |p Evans (1639-1800) ;  |v no. 10867. 
856 4 1 |u http://proxy.library.tamu.edu/login?url=https://opac.newsbank.com/select/evans/10867  |y Evans Digital Edition  |t 0 
999 |a MARS 
999 f f |s 9f0ceb55-7629-34c5-b5ed-66dae8a67a83  |i 46cd0883-3b50-3c99-bc43-20a154bfe995  |t 0 
952 f f |a Texas A&M University  |b College Station  |c Electronic Resources  |s www_evans  |d Available Online  |t 0  |h No information provided 
998 f f |t 0  |l Available Online